Ballon d'or winners - Statistics

General Stats
  • This quiz has been taken 25 times
  • The average score is 53 of 69
Answer Stats
Year Winner Nationality Club % Correct
2008 Cristiano Ronaldo Portugal ๐Ÿ‡ต๐Ÿ‡น Manchester United
100%
2013 Cristiano Ronaldo Portugal ๐Ÿ‡ต๐Ÿ‡น Real Madrid
100%
2014 Cristiano Ronaldo Portugal ๐Ÿ‡ต๐Ÿ‡น Real Madrid
100%
2016 Cristiano Ronaldo Portugal ๐Ÿ‡ต๐Ÿ‡น Real Madrid
100%
2017 Cristiano Ronaldo Portugal ๐Ÿ‡ต๐Ÿ‡น Real Madrid
100%
2009 Lionel Messi Argentina ๐Ÿ‡ฆ๐Ÿ‡ท FC Barcelona
100%
2010 Lionel Messi Argentina ๐Ÿ‡ฆ๐Ÿ‡ท FC Barcelona
100%
2011 Lionel Messi Argentina ๐Ÿ‡ฆ๐Ÿ‡ท FC Barcelona
100%
2012 Lionel Messi Argentina ๐Ÿ‡ฆ๐Ÿ‡ท FC Barcelona
100%
2015 Lionel Messi Argentina ๐Ÿ‡ฆ๐Ÿ‡ท FC Barcelona
100%
2019 Lionel Messi Argentina ๐Ÿ‡ฆ๐Ÿ‡ท FC Barcelona
100%
2021 Lionel Messi Argentina ๐Ÿ‡ฆ๐Ÿ‡ท Paris Saint-Germain
100%
2023 Lionel Messi Argentina ๐Ÿ‡ฆ๐Ÿ‡ท Inter Miami
100%
2018 Luka Modric Croatia ๐Ÿ‡ญ๐Ÿ‡ท Real Madrid
100%
1997 Ronaldo Brazil ๐Ÿ‡ง๐Ÿ‡ท Internazionale
100%
2002 Ronaldo Brazil ๐Ÿ‡ง๐Ÿ‡ท Real Madrid
100%
1998 Zinedine Zidane France ๐Ÿ‡ซ๐Ÿ‡ท Juventus
100%
2022 Karim Benzema France ๐Ÿ‡ซ๐Ÿ‡ท Real Madrid
96%
2025 Ousmane Dembรฉlรฉ France ๐Ÿ‡ซ๐Ÿ‡ท Paris Saint-Germain
96%
2024 Rodri Spain ๐Ÿ‡ช๐Ÿ‡ธ Manchester City
96%
2007 Kakรก Brazill ๐Ÿ‡ง๐Ÿ‡ท AC Milan
92%
2005 Ronaldinho Brazil ๐Ÿ‡ง๐Ÿ‡ท FC Barcelona
92%
1970 Gerd Mรผller West Germany ๐Ÿ‡ฉ๐Ÿ‡ช Bayern Munich
88%
2001 Michael Owen England ๐Ÿด๓ ง๓ ข๓ ฅ๓ ฎ๓ ง๓ ฟ Liverpool
88%
2004 Andriy Shevchenko Ukraine ๐Ÿ‡บ๐Ÿ‡ฆ AC Milan
83%
1995 George Weah Liberia ๐Ÿ‡ฑ๐Ÿ‡ท AC Milan
83%
2000 Luรญs Figo Portugal ๐Ÿ‡ต๐Ÿ‡น Real Madrid
83%
1983 Michel Platini France ๐Ÿ‡ซ๐Ÿ‡ท Juventus
83%
1984 Michel Platini France ๐Ÿ‡ซ๐Ÿ‡ท Juventus
83%
1985 Michel Platini France ๐Ÿ‡ซ๐Ÿ‡ท Juventus
83%
2003 Pavel Nedvฤ›d Czechia ๐Ÿ‡จ๐Ÿ‡ฟ Juventus
83%
1999 Rivaldo Brazil ๐Ÿ‡ง๐Ÿ‡ท FC Barcelona
83%
1966 Bobby Charlton England ๐Ÿด๓ ง๓ ข๓ ฅ๓ ฎ๓ ง๓ ฟ Manchester United
79%
1965 Eusรฉbio Portugal ๐Ÿ‡ต๐Ÿ‡น Benfica
79%
2006 Fabio Cannavaro Italy ๐Ÿ‡ฎ๐Ÿ‡น Real Madrid
79%
1968 George Best Northern Ireland ๐Ÿ‡ฏ๐Ÿ‡ช Manchester United
79%
1990 Lothar Matthรคus Germany ๐Ÿ‡ฉ๐Ÿ‡ช Internazionale
79%
1988 Marco van Basten Netherlands ๐Ÿ‡ณ๐Ÿ‡ฑ AC Milan
79%
1989 Marco van Basten Netherlands ๐Ÿ‡ณ๐Ÿ‡ฑ AC Milan
79%
1992 Marco van Basten Netherlands ๐Ÿ‡ณ๐Ÿ‡ฑ AC Milan
79%
1993 Roberto Baggio Italy ๐Ÿ‡ฎ๐Ÿ‡น Juventus
79%
1972 Franz Beckenbauer West Germany ๐Ÿ‡ฉ๐Ÿ‡ช Bayern Munic
75%
1976 Franz Beckenbauer West Germany ๐Ÿ‡ฉ๐Ÿ‡ช Bayern Munich
75%
1994 Hristo Stoichkov Bulgary ๐Ÿ‡ง๐Ÿ‡ฌ FC Barcelona
75%
1971 Johan Cruyff Netherlands ๐Ÿ‡ณ๐Ÿ‡ฑ Ajax
75%
1973 Johan Cruyff Netherlands ๐Ÿ‡ณ๐Ÿ‡ฑ FC Barcelona
75%
1974 Johan Cruyff Netherlands ๐Ÿ‡ณ๐Ÿ‡ฑ FC Barcelona
75%
1957 Alfredo Di Stรฉfano Argentina/Spain ๐Ÿ‡ฆ๐Ÿ‡ท|๐Ÿ‡ช๐Ÿ‡ธ Real Madrid
71%
1959 Alfredo Di Stรฉfano Argentina/Spain ๐Ÿ‡ฆ๐Ÿ‡ท|๐Ÿ‡ช๐Ÿ‡ธ Real Madrid
71%
1963 Lev Yashin Soviet Union ๐Ÿ‡ท๐Ÿ‡บ Dynamo Moscow
71%
1987 Ruud Gullit Netherlands ๐Ÿ‡ณ๐Ÿ‡ฑ AC Milan
71%
1980 Karl-Heinz Rummenigge West Germany ๐Ÿ‡ฉ๐Ÿ‡ช Bayern Munich
67%
1981 Karl-Heinz Rummenigge West Germany ๐Ÿ‡ฉ๐Ÿ‡ช Bayern Munich
67%
1982 Paolo Rossi Italy ๐Ÿ‡ฎ๐Ÿ‡น Juventus
67%
1991 Jean-Pierre Papin France ๐Ÿ‡ซ๐Ÿ‡ท Olympique de Marseille
63%
1960 Luis Suรกrez Spain ๐Ÿ‡ช๐Ÿ‡ธ FC Barcelona
58%
1996 Matthias Sammer Germany ๐Ÿ‡ฉ๐Ÿ‡ช Borussia Dortmund
58%
1978 Kevin Keegan England ๐Ÿด๓ ง๓ ข๓ ฅ๓ ฎ๓ ง๓ ฟ Hamburg
54%
1979 Kevin Keegan England ๐Ÿด๓ ง๓ ข๓ ฅ๓ ฎ๓ ง๓ ฟ Hamburg
54%
1958 Raymond Kopa France ๐Ÿ‡ซ๐Ÿ‡ท Real Madrid
54%
1956 Stanley Matthews England ๐Ÿด๓ ง๓ ข๓ ฅ๓ ฎ๓ ง๓ ฟ Blackpool
54%
1964 Denis Law Scotland ๐Ÿด๓ ง๓ ข๓ ณ๓ ฃ๓ ด๓ ฟ Manchester United
50%
1986 Igor Belanov Soviet Union ๐Ÿ‡ท๐Ÿ‡บ Dynamo Kyiv
38%
1977 Allan Simonsen Denmark ๐Ÿ‡ฉ๐Ÿ‡ฐ Borussia Mรถnchengladbach
33%
1967 Flรณriรกn Albert Hungary ๐Ÿ‡ญ๐Ÿ‡บ Ferencv rosi TC
33%
1969 Gianni Rivera Italy ๐Ÿ‡ฎ๐Ÿ‡น AC Milan
33%
1961 Josef Masopust Czechoslovakia ๐Ÿ‡จ๐Ÿ‡ฟ Dukla Prague
33%
1975 Oleg Blokhin Soviet Union ๐Ÿ‡ท๐Ÿ‡บ Dynamo Kyiv
29%
1961 Omar Sรญvori Italy ๐Ÿ‡ฎ๐Ÿ‡น Juventus
25%
No matching quizzes found
Score Distribution
Percent of People with Each Score
Percentile by Number Answered
Your Score History
You have not taken this quiz